000 00701nam a2200193 a 4500
003 AM-YeHGA
005 20250618073124.0
008 070913s1917 nyu|||||r|||||||||0|arm|d
040 _aAM-YeHGA
041 0 _aarm
100 1 _aԹիրյաքյան, Հարություն,
_d1845-1919
_93520
245 1 0 _aՀայերէնի զեղծումները /
_cՅ. Թիրեաքեան.
260 _aՆիւ Եորք :
_bտպ. Ներսօ,
_c1917.
300 _a63 էջ ;
_c20 սմ.
650 1 4 _aՀայոց լեզու
_xՔերականություն
_94
856 4 1 _uhttp://greenstone.flib.sci.am/gsdl/collect/hajgirqn/book/hayereni_zexcumnery.pdf
_yԿարդալ առցանց
942 _2udc
_cBK
090 _c212878
999 _c211368
_d211368